| 000 | 00479nam a2200145Ia 4500 | ||
|---|---|---|---|
| 008 | 220216s9999 xx 000 0 und d | ||
| 100 | _aVainio T | ||
| 245 | 0 | _aFunctionalized polypropylene prepared by melt free radical grafting of low volatile oxazoline and its potential in compatibilization of PP/PBT blends | |
| 260 |
_bJournal of Applied Polymer Science _c1996 |
||
| 300 | _a843-852 | ||
| 700 | _aHu Guo-Hua | ||
| 700 | _aLambla M | ||
| 700 | _aSeppala J V | ||
| 942 | _cJS | ||
| 999 |
_c59633 _d59633 |
||